000 00498nam a2200169 i 4500
001 59757
003 ES-MaACL
007 t|
008 031030s1967 sp ||||1| spa d
245 0 3 _aEl equipo sacerdotal /
_cG. Michonneau...[et al.] ; [tradujeron, E. Mate y C. Hiniesto].
260 _aSalamanca :
_bSígueme,
_c1967.
300 _a266 p. ;
_c20 cm.
700 1 _aMichonneau, G.
_980940
700 1 _aMate, E.
_978929
700 1 _aHiniesto, C.
_963759
852 _aES-MaACL
_jE-2529
_bR.63959
999 _c59757
_d59757